<?xml version="1.0" encoding="UTF-8"?>
<record
    xmlns:xsi="http://www.w3.org/2001/XMLSchema-instance"
    xsi:schemaLocation="http://www.loc.gov/MARC21/slim http://www.loc.gov/standards/marcxml/schema/MARC21slim.xsd"
    xmlns="http://www.loc.gov/MARC21/slim">

  <leader>01690ngc a22002891u 4500</leader>
  <controlfield tag="003">OSt</controlfield>
  <controlfield tag="005">20240227094417.0</controlfield>
  <controlfield tag="008">110711sle200?|||||s|||| 00| 0 ara d</controlfield>
  <datafield tag="082" ind1="0" ind2="4">
    <subfield code="a">22</subfield>
    <subfield code="b">&#x633; &#x646; &#x629;</subfield>
    <subfield code="2">956.6</subfield>
  </datafield>
  <datafield tag="245" ind1="0" ind2="0">
    <subfield code="a">&#x627;&#x644;&#x633;&#x646;&#x629;</subfield>
    <subfield code="h">[&#x62A;&#x633;&#x62C;&#x64A;&#x644; &#x645;&#x631;&#x626;&#x64A;] /</subfield>
    <subfield code="c">&#x625;&#x646;&#x62A;&#x627;&#x62C; &#x627;&#x644;&#x634;&#x631;&#x643;&#x629; &#x627;&#x644;&#x648;&#x637;&#x646;&#x64A;&#x629; &#x644;&#x644;&#x625;&#x646;&#x62A;&#x627;&#x62C;&#x61B; &#x625;&#x62E;&#x631;&#x627;&#x62C; &#x645;&#x62D;&#x645;&#x62F; &#x623;&#x628;&#x648; &#x641;&#x644;&#x62D;.</subfield>
  </datafield>
  <datafield tag="260" ind1=" " ind2=" ">
    <subfield code="a">&#x628;&#x64A;&#x631;&#x648;&#x62A; :</subfield>
    <subfield code="b">&#x634;&#x631;&#x643;&#x629; &#x635;&#x628;&#x627;&#x62D; &#x644;&#x644;&#x625;&#x639;&#x644;&#x627;&#x645;&#x60C; [200?]</subfield>
    <subfield code="c">[200?]</subfield>
  </datafield>
  <datafield tag="300" ind1=" " ind2=" ">
    <subfield code="a">1 &#x642;&#x631;&#x635; &#x636;&#x648;&#x626;&#x64A; &#x645;&#x644;&#x64A;&#x632;&#x631; (50 &#x62F;&#x642;) :</subfield>
    <subfield code="b">&#x631;&#x642;&#x645;&#x64A; &#x61B;</subfield>
    <subfield code="c">4 3/4 &#x628;&#x648;</subfield>
  </datafield>
  <datafield tag="490" ind1=" " ind2=" ">
    <subfield code="a">&#x637;&#x648;&#x627;&#x626;&#x641; &#x644;&#x628;&#x646;&#x627;&#x646;</subfield>
  </datafield>
  <datafield tag="505" ind1=" " ind2=" ">
    <subfield code="a">Episode 1 (633-1920)&#x60C; 1:14 -- Episode 2(1920-1957) &#x60C; 1:17 --Episode 3 (1975-2004)&#x60C; 1:19</subfield>
  </datafield>
  <datafield tag="520" ind1=" " ind2=" ">
    <subfield code="a">&#x64A;&#x634;&#x643;&#x644;&#x648;&#x646; &#x625;&#x62D;&#x62F;&#x649; &#x623;&#x643;&#x628;&#x631; &#x627;&#x644;&#x637;&#x648;&#x627;&#x626;&#x641; &#x627;&#x644;&#x625;&#x633;&#x644;&#x627;&#x645;&#x64A;&#x629; &#x641;&#x64A; &#x644;&#x628;&#x646;&#x627;&#x646;. &#x648;&#x64A;&#x639;&#x648;&#x62F; &#x62A;&#x648;&#x627;&#x62C;&#x62F;&#x647;&#x645; &#x641;&#x64A; &#x627;&#x644;&#x628;&#x644;&#x627;&#x62F; &#x625;&#x644;&#x649; &#x628;&#x62F;&#x627;&#x64A;&#x627;&#x62A; &#x627;&#x644;&#x62F;&#x639;&#x648;&#x629; &#x627;&#x644;&#x625;&#x633;&#x644;&#x627;&#x645;&#x64A;&#x629;&#x60C; &#x627;&#x634;&#x62A;&#x647;&#x631; &#x645;&#x646;&#x647;&#x645; &#x627;&#x644;&#x639;&#x62F;&#x64A;&#x62F; &#x645;&#x646; &#x631;&#x62C;&#x627;&#x644; &#x627;&#x644;&#x62F;&#x64A;&#x646; &#x648;&#x627;&#x644;&#x646;&#x62E;&#x628; &#x627;&#x644;&#x633;&#x64A;&#x627;&#x633;&#x64A;&#x629; &#x648;&#x627;&#x644;&#x62B;&#x642;&#x627;&#x641;&#x64A;&#x629;&#x60C; &#x64A;&#x645;&#x62B;&#x644;&#x648;&#x646; &#x645;&#x643;&#x627;&#x646;&#x629; &#x633;&#x64A;&#x627;&#x633;&#x64A;&#x629; &#x645;&#x631;&#x645;&#x648;&#x642;&#x629; &#x62D;&#x62A;&#x649; &#x645;&#x627;&#x642;&#x628;&#x644; &#x642;&#x64A;&#x627;&#x645; &#x627;&#x644;&#x62C;&#x645;&#x647;&#x648;&#x631;&#x64A;&#x629; &#x627;&#x644;&#x644;&#x628;&#x646;&#x627;&#x646;&#x64A;&#x629; &#x639;&#x627;&#x645; 1943&#x60C; &#x648;&#x647;&#x645; &#x631;&#x63A;&#x645; &#x62E;&#x644;&#x627;&#x641;&#x627;&#x62A;&#x647;&#x645; &#x627;&#x644;&#x62C;&#x627;&#x646;&#x628;&#x64A;&#x629; &#x625;&#x644;&#x627; &#x623;&#x646;&#x647;&#x645; &#x64A;&#x62A;&#x645;&#x627;&#x633;&#x643;&#x648;&#x646; &#x641;&#x64A; &#x627;&#x644;&#x645;&#x62D;&#x646; &#x648;&#x627;&#x644;&#x634;&#x62F;&#x627;&#x626;&#x62F;</subfield>
  </datafield>
  <datafield tag="546" ind1=" " ind2=" ">
    <subfield code="a">&#x628;&#x627;&#x644;&#x644;&#x63A;&#x629; &#x627;&#x644;&#x639;&#x631;&#x628;&#x64A;&#x629; &#x648;&#x627;&#x644;&#x625;&#x646;&#x62C;&#x644;&#x64A;&#x632;&#x64A;&#x629; &#x648;&#x627;&#x644;&#x641;&#x631;&#x646;&#x633;&#x64A;&#x629;</subfield>
  </datafield>
  <datafield tag="650" ind1=" " ind2=" ">
    <subfield code="2">BUEsh</subfield>
  </datafield>
  <datafield tag="651" ind1=" " ind2=" ">
    <subfield code="9">26335</subfield>
    <subfield code="a">&#x644;&#x628;&#x646;&#x627;&#x646;</subfield>
    <subfield code="x">&#x62A;&#x627;&#x631;&#x64A;&#x62E;</subfield>
    <subfield code="2">BUEsh</subfield>
  </datafield>
  <datafield tag="653" ind1=" " ind2=" ">
    <subfield code="c">July2011</subfield>
  </datafield>
  <datafield tag="700" ind1=" " ind2=" ">
    <subfield code="9">26259</subfield>
    <subfield code="a">&#x623;&#x628;&#x648; &#x641;&#x644;&#x62D;&#x60C; &#x645;&#x62D;&#x645;&#x62F;</subfield>
  </datafield>
  <datafield tag="700" ind1=" " ind2=" ">
    <subfield code="9">26260</subfield>
    <subfield code="a">&#x62C;&#x644;&#x627;&#x644;&#x60C; &#x648;&#x62D;&#x64A;&#x62F;</subfield>
  </datafield>
  <datafield tag="700" ind1=" " ind2=" ">
    <subfield code="9">26261</subfield>
    <subfield code="a">&#x641;&#x648;&#x627;&#x632;&#x60C; &#x639;&#x627;&#x645;&#x631;</subfield>
  </datafield>
  <datafield tag="942" ind1=" " ind2=" ">
    <subfield code="k">956.6 &#x633; &#x646; &#x629;</subfield>
    <subfield code="2">ddc</subfield>
    <subfield code="c">CDVDDOC</subfield>
    <subfield code="h">RDA-MOD</subfield>
  </datafield>
  <datafield tag="999" ind1=" " ind2=" ">
    <subfield code="c">5114</subfield>
    <subfield code="d">5114</subfield>
  </datafield>
  <datafield tag="336" ind1=" " ind2=" ">
    <subfield code="2">rdacontent</subfield>
    <subfield code="a">&#x646;&#x635;</subfield>
    <subfield code="b">txt</subfield>
  </datafield>
  <datafield tag="337" ind1=" " ind2=" ">
    <subfield code="a">&#x628;&#x62F;&#x648;&#x646; &#x648;&#x633;&#x64A;&#x637;</subfield>
    <subfield code="2">rdamedia</subfield>
    <subfield code="b">n</subfield>
  </datafield>
  <datafield tag="338" ind1=" " ind2=" ">
    <subfield code="a">&#x645;&#x62C;&#x644;&#x62F;</subfield>
    <subfield code="b">nc</subfield>
    <subfield code="2">rdacarrier</subfield>
  </datafield>
  <datafield tag="952" ind1=" " ind2=" ">
    <subfield code="0">0</subfield>
    <subfield code="1">0</subfield>
    <subfield code="2">ddc</subfield>
    <subfield code="4">0</subfield>
    <subfield code="7">0</subfield>
    <subfield code="a">MAIN</subfield>
    <subfield code="b">MAIN</subfield>
    <subfield code="c">2ND</subfield>
    <subfield code="d">2016-10-07</subfield>
    <subfield code="e">Purchase</subfield>
    <subfield code="o">956.6 &#x633; &#x646; &#x629;</subfield>
    <subfield code="p">000006094</subfield>
    <subfield code="r">2022-08-24 00:00:00</subfield>
    <subfield code="y">CDVDDOC</subfield>
  </datafield>
</record>
